000 01139nam a2200289Ia 4500
003 OSt
005 20221005110356.0
006 a|||||r|||| 00| 0
007 ta
008 221004b |||||||| |||| 00| 0 hin d
020 _a9789381467893 (hbk)
_cINR 200.00
024 _a41708
037 _bIN-2305, 14/03/2019, Kitab Ghar Prakashan
_cTextual
040 _aCRL
_cCRL
_bhin
041 _2hin
_ahin
082 _aO152,3N24x, Q7
100 _aपरसाई, हरिशंकर, ले.
245 0 _aदस प्रतिनिधि कहानियां
246 _aDas pratinidhi kahāniyāan
260 _aनई दिल्ली
_bकिताबघर प्रकाशन भारत
_c2017
300 _a120पृ0
_ccm.
490 _aदस प्रतिनिधि कहानियां सीरीज़
650 _a हिन्दी साहित्य
650 _aहिन्दी कहानी
942 _hO152,3N24x, Q7
_cTEXL
_2cc
999 _c1018636
_d1018636